Classic origami
| Main Author: | |
|---|---|
| Format: | Book |
| Published: |
New York :
Sterling Publishing ,
1995
|
| Subjects: |
MARC
| LEADER | 00000cam a2200000 7i4500 | ||
|---|---|---|---|
| 001 | 0000006949 | ||
| 002 | 000007484 | ||
| 005 | 20000330.0 | ||
| 020 | |a 0806912812 | ||
| 090 | 0 | 0 | |a 736.982 |b TUY |
| 100 | 1 | |a Tuyen, P.D | |
| 245 | 1 | 0 | |a Classic origami |c P.D. Tuyen |
| 260 | |a New York : |b Sterling Publishing , |c 1995 | ||
| 300 | |a 80 p. ; |c 26 cm. | ||
| 650 | 0 | 0 | |a Origami |
| 999 | |a 048758 |b BUKU |c PINJAMAN |e PERPUSTAKAAN KOMUNITI PETALING JAYA | ||
| 999 | |a 048759 |b BUKU |c PINJAMAN |e PERPUSTAKAAN KOMUNITI PETALING JAYA | ||